Normal view
MARC view
- MS Environmental Science
Entry Uniform Title
001 - CONTROL NUMBER
- control field: 1724
003 - CONTROL NUMBER IDENTIFIER
- control field: NUST
005 - DATE AND TIME OF LATEST TRANSACTION
- control field: 20170531120216.0
008 - FIXED-LENGTH DATA ELEMENTS
- fixed length control field: 170531|| aca||aabn | a|a d
040 ## - CATALOGING SOURCE
- Original cataloging agency: NUST
- Transcribing agency: NUST
130 ## - HEADING--UNIFORM TITLE
- Uniform title: MS Environmental Science
670 ## - SOURCE DATA FOUND
- Source citation: Work cat.: (NUST): Mazhar,Laeeq 1723, High Performing Visible Light Active AG3PO4/TiO2 Catalyst Anchored On Alumina Beads For Phenol Degradation , 2017
